000 009350000a22002050004500
001 768714001
003 CO-MdFUSB
005 20161123160711.0
008 161123s1997 sp ||||| |||| 00| 0 spa d
022 _a0014-1437
040 _aCO-MdFUSB
_bspa
_cCO-MdFUSB
_dCO-MdFUSB
041 _aspa
100 1 _aCernuda, Antonio Vicent
_eautor
245 1 0 _aEl Testimonio Flaviano, Alarde de Solapada Ironía
_b(1ª parte)
300 _aVolumen 55. Número 3 (1997), Páginas 355-385
520 _aAl principio Josefo no quiso tratar de Jesús en sus AJ, pero la amistosa presión cristiana le indujo finalmente a hacerlo. Ahora bien, para no irritar a nadie, y de acuerdo con Domiciano, se le ocurrió el tratamiento irónico, el doble sentido que acusa el TF del principio a fin.
546 _aTexto en Español
773 0 _tEstudios Bíblicos
_049452
_960476
_gVolumen 55. Número 3 (1997), Páginas 355-385
_qPágina 355
942 _cANA
999 _c50171
_d50171